A HB. OF PSYCHIATRY (Record no. 1906)

MARC details
000 -LEADER
fixed length control field 00330nam a2200145Ia 4500
008 - FIXED-LENGTH DATA ELEMENTS--GENERAL INFORMATION
fixed length control field 150201s2006 xx 000 0 und d
082 ## - DEWEY DECIMAL CLASSIFICATION NUMBER
Classification number 618.92
Item number P06S
100 ## - MAIN ENTRY--PERSONAL NAME
Personal name SHAH , L.P.
245 #2 - TITLE STATEMENT
Title A HB. OF PSYCHIATRY
250 ## - EDITION STATEMENT
Edition statement 2ND
260 ## - PUBLICATION, DISTRIBUTION, ETC. (IMPRINT)
Name of publisher, distributor, etc. SAGAR PUB.
Place of publication, distribution, etc. DELHI
Date of publication, distribution, etc. 2006
300 ## - PHYSICAL DESCRIPTION
Extent 304
650 ## - SUBJECT ADDED ENTRY--TOPICAL TERM
Topical term or geographic name as entry element PSYCHIATRY
942 ## - ADDED ENTRY ELEMENTS (KOHA)
Source of classification or shelving scheme Dewey Decimal Classification
Koha item type Books
Holdings
Withdrawn status Lost status Source of classification or shelving scheme Damaged status Not for loan Collection code Home library Current library Shelving location Date acquired Source of acquisition Cost, normal purchase price SGTU Total Checkouts Full call number Barcode Date last seen Bill Date Koha item type
    Dewey Decimal Classification     NURSING SGT Medical Library SGT Medical Library Text Book 09/02/2015 UBS DELHI 90.00 SGTU   618.92 P06S FN311 09/02/2015 09/02/2015 Books
    Dewey Decimal Classification     NURSING SGT Medical Library SGT Medical Library Text Book 09/02/2015 UBS DELHI 90.00 SGTU   618.92 P06S FN312 03/06/2017 09/02/2015 Books
    Dewey Decimal Classification     NURSING SGT Medical Library SGT Medical Library Text Book 09/02/2015 UBS DELHI 90.00 SGTU   618.92 P06S FN313 09/02/2015 09/02/2015 Books
    Dewey Decimal Classification     NURSING SGT Medical Library SGT Medical Library Text Book 09/02/2015 UBS DELHI 90.00 SGTU   618.92 P06S FN314 09/02/2015 09/02/2015 Books
    Dewey Decimal Classification     NURSING SGT Medical Library SGT Medical Library Text Book 09/02/2015 UBS DELHI 90.00 SGTU   618.92 P06S FN315 09/02/2015 09/02/2015 Books
    Dewey Decimal Classification     NURSING SGT Medical Library SGT Medical Library Text Book 09/02/2015 UBS DELHI 90.00 SGTU   618.92 P06S FN316 09/02/2015 09/02/2015 Books